000 nam a22 a 4500
999 _c114
_d114
003 AKMAL
005 20170418150535.0
008 170418s1989 my 00 eng d
020 _cRgt.5.00 (pbk.)
040 _aAKMAL
082 0 4 _a910.1 BIR
090 0 0 _a910.1
_bBIR
100 1 _aBird, Bella
_9284
245 1 0 _aLangkawi-from Mahsuri to Mahathir: tourism for whom? /
_c[Bella (D.M.) Bird]
260 _aKuala Lumpur :
_bINSAN, the Institute of Social Analysis,
_c1
300 0 0 _a69p. :
_bill., map ;
_c22cm
504 _aBibliography: p.68-69
521 _aIntended audience: Adult
650 0 _aTourism
_zKedah
_zPulau Langkawi
_9285
650 0 _aIsland (Kedah)
_9286
942 _2ddc
_cBOOK